00547nam a2200169Ia 4500008004100000020002600041040001900067041001200086082002500098245013500123260002800258300001800286504001900304650001400323700002200337850001800359131103s9999 xx 000 0 und d a415365295cRs 2001.00 aLoreto College aEnglish a378/ADAbLCBED/14707 aTowards inclusive learning in higher educationb Developing criteria for disabled students cEdited by Sally Brown and Mike Adams  aLondonbRoutledgec2006 axviii.c200p  aIncludes index aEducation aBrown, Sally, ed. aLCBED/378/ADA